| 000 | 01420nam a2200361 a 4500 | ||
|---|---|---|---|
| 001 | vtls001168895 | ||
| 003 | NLI | ||
| 005 | 20210603154658.0 | ||
| 008 | 120327s1991 ii a 000 0 hin | ||
| 020 | _cRs.80.00 | ||
| 039 | 9 |
_y201203271822 _zVLOAD |
|
| 040 |
_aNLI _bhineng _cDatasoft_Hindi _eAACR2 |
||
| 041 | 0 | _ahin | |
| 044 | _a ii | ||
| 082 | 0 | 4 | _a 370.10954 |
| 100 | 1 |
_6880-01 _aअग्रवाल¸ जे. सी. |
|
| 245 | 1 | 0 |
_6880-02 _aभारतीय शिक्षा पद्धति संरचना और समस्याएँ = Indian education system, structure and problems / _cजे. सी. अग्रवाल |
| 246 | 0 | _aIndian education system structure and problems | |
| 260 |
_aदिल्ली : _bआर्य बुक डिपो, _c1991 |
||
| 300 |
_a298 p. : _bill., tables ; _c22 cm. |
||
| 650 | 0 |
_aEducation _92701 |
|
| 650 | 0 |
_aEducational planning _xStatistical methods |
|
| 650 | 0 |
_aReligious education _91059 |
|
| 650 | 0 |
_aAdult education _91641 |
|
| 650 | 0 |
_aEducation, Primary _9202623 |
|
| 880 | 1 |
_6245-02(B _aBhāratīya śikṣā paddhati saṅracana aur samasyāeṁ = India education system, structure and problems / _cJ.C. Agravāl |
|
| 880 | 1 |
_6100-01(B _aAgravāl, J.C |
|
| 887 | _a | ||
| 901 |
_a65248 _b14.10.93 |
||
| 902 | _aH 370.10954 A 7462 | ||
| 942 |
_2ddc _cBKS |
||
| 949 |
_AVIRTUAITEM _D10000 _X100 _6HIN000065248HIN |
||
| 999 |
_aVIRTUA40 _c479727 _d479727 |
||